<?xml version="1.0" encoding="UTF-8"?><?xml-stylesheet type="text/xsl" href="static/style.xsl"?><OAI-PMH xmlns="http://www.openarchives.org/OAI/2.0/" xmlns:xsi="http://www.w3.org/2001/XMLSchema-instance" xsi:schemaLocation="http://www.openarchives.org/OAI/2.0/ http://www.openarchives.org/OAI/2.0/OAI-PMH.xsd"><responseDate>2026-06-01T01:58:55Z</responseDate><request verb="GetRecord" identifier="oai:riuma.uma.es:10630/37302" metadataPrefix="marc">https://riuma.uma.es/rest/oai/request</request><GetRecord><record><header><identifier>oai:riuma.uma.es:10630/37302</identifier><datestamp>2026-02-03T11:24:05Z</datestamp><setSpec>com_10630_2254</setSpec><setSpec>col_10630_37953</setSpec></header><metadata><record xmlns="http://www.loc.gov/MARC21/slim" xmlns:dcterms="http://purl.org/dc/terms/" xmlns:doc="http://www.lyncode.com/xoai" xmlns:xsi="http://www.w3.org/2001/XMLSchema-instance" xsi:schemaLocation="http://www.loc.gov/MARC21/slim http://www.loc.gov/standards/marcxml/schema/MARC21slim.xsd">
   <leader>00925njm 22002777a 4500</leader>
   <datafield ind2=" " ind1=" " tag="042">
      <subfield code="a">dc</subfield>
   </datafield>
   <datafield ind2=" " ind1=" " tag="720">
      <subfield code="a">Rubio-Perea, Engracia María</subfield>
      <subfield code="e">author</subfield>
   </datafield>
   <datafield ind2=" " ind1=" " tag="260">
      <subfield code="c">2024</subfield>
   </datafield>
   <datafield ind2=" " ind1=" " tag="520">
      <subfield code="a">En el artículo se estudian las voces de la danza recogidas, tanto en la primera edición del Diccionario de autoridades (1726-1739), como en el primer tomo publicado para la segunda edición (1770) y en los catálogos manuscritos para los siguientes tomos, cuya edición digitalizada está disponible en la página web de la Real Academia Española. Nos interesa conocer las fuentes de autoridades empleadas en ambos repertorios por los académicos, así como sumar las voces de nueva incorporación presentes en los documentos inéditos para el siglo XVIII y no recogidas en la primera edición. Tanto las primeras atestaciones lexicográficas de estas voces como sus primeras manifestaciones textuales nos permitirán establecer con mayor exactitud su recorrido lexicográfico y conocer qué voces del léxico de la danza están en el DLE (2014) gracias a las fuentes estudiadas en ambos repertorios.</subfield>
   </datafield>
   <datafield ind1="8" ind2=" " tag="024">
      <subfield code="a">Rubio Perea, E. M. (2024). El léxico de la danza en los dos Diccionarios de autoridades: estudio de las fuentes de autoridad y voces de nueva incorporación. Études romances de Brno. 45/4/2024</subfield>
   </datafield>
   <datafield ind1="8" ind2=" " tag="024">
      <subfield code="a">https://hdl.handle.net/10630/37302</subfield>
   </datafield>
   <datafield ind1="8" ind2=" " tag="024">
      <subfield code="a">https://doi.org/10.5817/ERB2024-4-11</subfield>
   </datafield>
   <datafield tag="653" ind2=" " ind1=" ">
      <subfield code="a">Danza - Lenguaje</subfield>
   </datafield>
   <datafield ind2="0" ind1="0" tag="245">
      <subfield code="a">El léxico de la danza en los dos Diccionarios de autoridades: estudio de las fuentes de autoridad y voces de nueva incorporación</subfield>
   </datafield>
</record>
</metadata></record></GetRecord></OAI-PMH>